| 000 | 00479nam a2200181Ia 4500 | ||
|---|---|---|---|
| 001 | 20633 | ||
| 005 | 20260306172820.0 | ||
| 008 | 260306t2006||||xx |||||||||||||| ||spa|| | ||
| 041 | _aESP | ||
| 082 |
_a343.6 _bC12 |
||
| 100 |
_aCabrera, Marco A. (Marco Antonio), 1936- _eAUT |
||
| 245 | 0 | _aDerecho administrativo y derecho procesal administrativo | |
| 260 | _c2006 | ||
| 300 |
_axii, 856 páginas : _c24 cm. |
||
| 650 | _aGEN | ||
| 654 | _aCDE | ||
| 942 |
_cLIB _dJUS _fJUS _2ddc _n |
||
| 999 |
_c20633 _d20633 |
||